[Event "Brasschaat op"]
[Site "Brasschaat"]
[Date "2023.08.24"]
[Round "6"]
[White "Steen, Pieter"]
[Black "Broekmans, Patrik"]
[Result "1/2-1/2"]
[WhiteElo "2044"]
[BlackElo "1787"]
[PlyCount "66"]
[EventDate "2023.08.18"]
[EventType "swiss"]
[EventRounds "9"]
[EventCountry "BEL"]
[SourceTitle "EXT 2024"]
[Source "ChessBase"]
[SourceDate "2023.10.10"]
[SourceVersion "1"]
[SourceVersionDate "2023.10.10"]
[SourceQuality "1"]

1. d4 d5 2. c4 c6 3. Nc3 Nf6 4. Nf3 e6 5. Bg5 Nbd7 6. e3 Qa5 7. Nd2 Bb4 8. Qc2 dxc4 9. Bxf6 Nxf6 10. Nxc4 Bxc3+ 11. bxc3 Qd5 12. f3 b5 13. Ne5 Qd6 14. Rb1 0-0 15. Bd3 g6 16. 0-0 Bd7 17. Rfd1 Nd5 18. Qd2 f6 19. Nxd7 Qxd7 20. c4 Nc7 21. Qf2 Rfd8 22. Rbc1 a6 23. Bb1 Rac8 24. Qg3 Kf7 25. Qh4 Kg7 26. Qg3 e5 27. Rd3 bxc4 28. Rxc4 Qe6 29. Rc1 exd4 30. exd4 Nb5 31. Qf2 Re8 32. a4 Nc7 33. Ba2 Nd5 1/2-1/2

[Event "Brasschaat op"]
[Site "Brasschaat"]
[Date "2023.08.20"]
[Round "2"]
[White "Muetsch, Annmarie"]
[Black "Broekmans, Patrik"]
[Result "1-0"]
[WhiteElo "2203"]
[BlackElo "1787"]
[PlyCount "75"]
[EventDate "2023.08.18"]
[EventType "swiss"]
[EventRounds "9"]
[EventCountry "BEL"]
[SourceTitle "EXT 2024"]
[Source "ChessBase"]
[SourceDate "2023.10.10"]
[SourceVersion "1"]
[SourceVersionDate "2023.10.10"]
[SourceQuality "1"]

1. d4 Nf6 2. Bg5 Ne4 3. h4 c5 4. d5 h6 5. Bf4 d6 6. Nd2 Nxd2 7. Qxd2 Bf5 8. f3 Qb6 9. c3 Nd7 10. e4 Bh7 11. a4 a6 12. a5 Qc7 13. b4 c4 14. Be2 Ne5 15. Be3 Nd7 16. Nh3 e5 17. dxe6 fxe6 18. Nf4 Kf7 19. g4 Be7 20. Nxe6 Qc6 21. Nf4 g5 22. Nd5 gxh4 23. Nxe7 Kxe7 24. Bxh6 Rag8 25. Bg5+ Ke6 26. Rxh4 Ne5 27. 0-0-0 Nd3+ 28. Bxd3 cxd3 29. Rh6+ Kf7 30. Qf4+ Ke8 31. Rxd3 Rg6 32. Kb2 Rf8 33. Qd2 Rxh6 34. Bxh6 Rf6 35. Qg5 Rg6 36. Qh5 Kd7 37. Bf4 Rg7 38. Rxd6+ 1-0

[Event "BEL-ch op"]
[Site "Niel"]
[Date "2017.07.09"]
[Round "9"]
[White "Van Bunderen, Gert"]
[Black "Broekmans, Patrik"]
[Result "1/2-1/2"]
[WhiteElo "1876"]
[BlackElo "1779"]
[PlyCount "129"]
[EventDate "2017.07.01"]
[EventType "swiss"]
[EventRounds "9"]
[EventCountry "BEL"]
[SourceTitle "EXT 2018"]
[Source "ChessBase"]
[SourceDate "2017.10.13"]
[SourceVersion "1"]
[SourceVersionDate "2017.10.13"]
[SourceQuality "1"]

1. e4 c5 2. Nf3 Nc6 3. Bb5 g6 4. Bxc6 bxc6 5. d3 Bg7 6. Nbd2 f6 7. 0-0 Nh6 8. Nb3 d6 9. h3 0-0 10. Rb1 Nf7 11. Be3 e5 12. Nfd2 g5 13. g4 Be6 14. Kg2 Qd7 15. f3 Nh8 16. c4 Ng6 17. Nc1 a5 18. a4 Rab8 19. Ndb3 Qc7 20. Bd2 Rb4 21. Bxb4 cxb4 22. Ne2 Ra8 23. Nd2 Qa7 24. Rf2 Kf7 25. Nf1 Nh4+ 26. Kg3 Rh8 27. Qd2 h5 28. Ne3 Qb8 29. Ng2 Ng6 30. b3 Nf4 31. Ngxf4 gxf4+ 32. Kg2 hxg4 33. hxg4 Bh6 34. Rg1 Bxg4 35. Kf1 Be6 36. d4 Bg5 37. Nc1 Qb6 38. dxe5 dxe5 39. Rh2 Rxh2 40. Qxh2 Qe3 41. Qh5+ Kf8 42. Kg2 Qd2+ 43. Kh1 Qf2 44. Rd1 Kg7 45. Rg1 Bf7 46. Rxg5+ fxg5 47. Qxg5+ Kh7 48. Qf5+ Bg6 49. Qd7+ Kh6 50. Qh3+ Bh5 51. Qe6+ Bg6 52. Qh3+ Kg7 53. Qd7+ Kf6 54. Qd6+ Kf7 55. Qd7+ Kg8 56. Qd8+ Kg7 57. Qe7+ Kh6 58. Qf8+ Kg5 59. Qe7+ Kh6 60. Qf8+ Kh7 61. Qe7+ Kg8 62. Qd8+ Kf7 63. Qd7+ Kf8 64. Qd6+ Kf7 65. Qd7+ 1/2-1/2

[Event "BEL-ch op"]
[Site "Niel"]
[Date "2017.07.07"]
[Round "7"]
[White "Rousseau, Christilla"]
[Black "Broekmans, Patrik"]
[Result "1/2-1/2"]
[WhiteElo "1579"]
[BlackElo "1779"]
[PlyCount "64"]
[EventDate "2017.07.01"]
[EventType "swiss"]
[EventRounds "9"]
[EventCountry "BEL"]
[SourceTitle "EXT 2018"]
[Source "ChessBase"]
[SourceDate "2017.10.13"]
[SourceVersion "1"]
[SourceVersionDate "2017.10.13"]
[SourceQuality "1"]

1. d4 Nf6 2. Bg5 Ne4 3. Bf4 e6 4. Nf3 c5 5. e3 b6 6. Bd3 Bb7 7. c3 Be7 8. Qc2 Nf6 9. Nbd2 cxd4 10. exd4 Nc6 11. 0-0 0-0 12. h3 g6 13. Rfe1 d5 14. Bh6 Re8 15. Ne5 Nxe5 16. dxe5 Nd7 17. Nf3 a6 18. Nd4 Bg5 19. Bxg5 Qxg5 20. Qe2 Nc5 21. Bc2 Ne4 22. Nf3 Qh5 23. Qe3 Nc5 24. Qg5 Qxg5 25. Nxg5 h6 26. Nf3 Kg7 27. Nd4 b5 28. Re3 Rac8 29. Rae1 Rc7 30. g4 Na4 31. Bxa4 bxa4 32. f4 Bc8 1/2-1/2

[Event "Brasschaat op 15th"]
[Site "Brasschaat"]
[Date "2015.08.17"]
[Round "3"]
[White "Broekmans, Patrik"]
[Black "Osinga, Angelique"]
[Result "1/2-1/2"]
[WhiteElo "1770"]
[BlackElo "1910"]
[PlyCount "111"]
[EventDate "2015.08.15"]
[EventType "swiss"]
[EventRounds "9"]
[EventCountry "BEL"]
[SourceTitle "EXT 2016"]
[Source "ChessBase"]
[SourceDate "2015.10.08"]
[SourceVersion "1"]
[SourceVersionDate "2015.10.08"]
[SourceQuality "1"]

1. e4 e5 2. Nf3 Nc6 3. Bc4 Bc5 4. c3 Nf6 5. d3 d6 6. b4 Bb6 7. a4 a6 8. a5 Ba7 9. Bg5 Be6 10. Ba2 h6 11. Bh4 Qe7 12. Nbd2 Bxa2 13. Rxa2 Qe6 14. Ra1 0-0 15. 0-0 Kh8 16. Re1 Nh5 17. Nf1 Nf4 18. Ne3 Qg6 19. Bg3 Ne7 20. Qd2 Nh5 21. Nh4 Qg5 22. Nf3 Qg6 23. Nh4 Qg5 24. Rad1 Nxg3 25. hxg3 Bxe3 26. Rxe3 f5 27. exf5 Nxf5 28. Nxf5 Rxf5 29. Rf3 Qxd2 30. Rxd2 Rxf3 31. gxf3 Rf8 32. Kg2 Kg8 33. d4 exd4 34. Rxd4 Rf5 35. g4 Re5 36. f4 Re7 37. f5 Kf7 38. Kf3 Kf6 39. Kf4 Re5 40. Rd3 Re7 41. Kg3 Re1 42. f3 Ke5 43. Kf2 Rc1 44. Re3+ Kf6 45. Ke2 Rc2+ 46. Kd3 Rf2 47. Ke4 Rd2 48. f4 Rd1 49. Kf3 Rf1+ 50. Kg3 Rg1+ 51. Kh3 Rf1 52. Re6+ Kf7 53. Kg3 Rc1 54. Re3 Rg1+ 55. Kf3 Rf1+ 56. Kg3 1/2-1/2

[Event "Brasschaat op 15th"]
[Site "Brasschaat"]
[Date "2015.08.15"]
[Round "1"]
[White "Broekmans, Patrik"]
[Black "Izsak, Gyula"]
[Result "0-1"]
[WhiteElo "1770"]
[BlackElo "2445"]
[PlyCount "64"]
[EventDate "2015.08.15"]
[EventType "swiss"]
[EventRounds "9"]
[EventCountry "BEL"]
[SourceTitle "EXT 2016"]
[Source "ChessBase"]
[SourceDate "2015.10.08"]
[SourceVersion "1"]
[SourceVersionDate "2015.10.08"]
[SourceQuality "1"]

1. c4 e5 2. Nc3 Nc6 3. g3 g6 4. Bg2 Bg7 5. d3 d6 6. Nf3 Nge7 7. e4 0-0 8. 0-0 f5 9. Nd5 h6 10. exf5 Nxf5 11. Nd2 Ncd4 12. Nb3 c6 13. Nc3 Be6 14. Nxd4 Nxd4 15. Be3 Nf5 16. Bd2 Qd7 17. Qa4 Nd4 18. f4 Bf5 19. Be4 exf4 20. Bxf4 g5 21. Bd2 Bg4 22. Be3 a6 23. Rac1 Rae8 24. c5 Nf3+ 25. Rxf3 Bxf3 26. Bd4 d5 27. Bxg7 Qxg7 28. Bxf3 Rxf3 29. Rd1 Qe5 30. Qg4 Qe3+ 31. Kh1 Rf2 32. Qh3 Qe1+ 0-1

[Event "Brasschaat op 08th"]
[Site "Brasschaat"]
[Date "2008.08.16"]
[Round "1"]
[White "Broekmans, Patrik"]
[Black "Knyazkov, Oleg"]
[Result "0-1"]
[WhiteElo "1961"]
[BlackElo "1532"]
[PlyCount "90"]
[EventDate "2008.08.16"]
[EventType "swiss"]
[EventRounds "9"]
[EventCountry "BEL"]
[SourceTitle "EXT 2017"]
[Source "ChessBase"]
[SourceDate "2016.10.25"]
[SourceVersion "1"]
[SourceVersionDate "2016.10.25"]
[SourceQuality "1"]

1. e4 e5 2. Nf3 Nc6 3. Bb5 Bc5 4. c3 f5 5. d3 fxe4 6. dxe4 d6 7. h3 Nf6 8. Nbd2 0-0 9. 0-0 Bd7 10. b4 Bb6 11. a4 a6 12. Bc4+ Kh8 13. a5 Ba7 14. Ng5 Qe8 15. Qb3 Nd8 16. Kh2 Bxf2 17. Nf7+ Nxf7 18. Rxf2 Ng5 19. Kg1 Bxh3 20. Bf1 Be6 21. Qc2 Qg6 22. Kh1 Qh5+ 23. Kg1 Ng4 24. Rxf8+ Rxf8 25. Nf3 Nxf3+ 26. gxf3 Rxf3 27. Qg2 Rf2 28. Qg3 Rh2 29. Bg2 Rh4 30. Ra2 Nf6 31. Rf2 Rg4 32. Qd3 Qg6 33. Kf1 Rg3 34. Qe2 Rxg2 35. Rxg2 Bh3 36. Bb2 Qxg2+ 37. Qxg2 Bxg2+ 38. Kxg2 Nxe4 39. Kf3 Nd2+ 40. Ke2 Nc4 41. Bc1 h5 42. Bg5 Kh7 43. Kf3 Kg6 44. Bd8 c6 45. Ke4 d5+ 0-1